| 000 | 01131nam a2200361 4500 | ||
|---|---|---|---|
| 001 | 02084746 | ||
| 003 | DO-SdBPM | ||
| 005 | 20250519132400.0 | ||
| 007 | ta | ||
| 008 | 060221s2006 sp | || ||spa | ||
| 017 |
_a _b |
||
| 020 | _a8434886863 | ||
| 035 | _a | ||
| 040 |
_aDO-SdBPM _bspa _cBPMSU _erda |
||
| 082 | 4 |
_a863.6 _bG166c 2006 _222 |
|
| 100 | 1 |
_aGallego García, Laura _d1977- _eautora |
|
| 245 | 1 | 3 |
_aLa maldición del maestro / _cLaura Gallego García _h |
| 250 | _a10ª ed. | ||
| 260 |
_aMadrid, España _bEdiones SM, _c2006 |
||
| 300 |
_a219 p. ; _c20 cm. |
||
| 336 |
_atexto _btxt _2rdacontent |
||
| 337 |
_asin meditación _bn _2rdamedia |
||
| 338 |
_avolumen _bnc _2rdacarrier |
||
| 490 | 0 |
_aEl navegante. Fantasía ; _a Crónicas de la torre _v15/2 _v |
|
| 590 | _aInventariado, 2025/VM | ||
| 650 | 7 |
_aNovela española _4Muerte -- Novela la amorosNovea Novela española |
|
| 650 | 7 |
_aBrujería _vNovela |
|
| 650 | 7 |
_aVenganza _vNovela |
|
| 650 | 7 | _aNovela amorosa | |
| 830 |
_aEl navegante. Fantasía _p Crónicas de la torre |
||
| 910 | _aVMateo V. Control de calidad. BPMSU | ||
| 942 |
_2ddc _cBK |
||
| 999 |
_c8963 _d8963 |
||